| 000 | 01797cam0 2200385 ib4500 | ||
|---|---|---|---|
| 001 | BY-MI0013-br4502720 | ||
| 005 | 20251031124607.0 | ||
| 010 |
^a978-5-389-10244-6 ^bв переплете |
||
| 100 | ^a20251031d2025 d y0rusy50 ca | ||
| 101 | 0 | ^arus | |
| 102 | ^aRU | ||
| 105 | ^aa z 000ay | ||
| 109 | ^ama | ||
| 200 | 1 |
^aБелый Бим Черное ухо ^eповесть ^eдля среднего школьного возраста ^fГ. Н. Троепольский ^gхудожник М. Желудков ^gвступительная статья Н. Г. Гладковой |
|
| 210 |
^aМосква ^cМахаон ^cАзбука-Аттикус ^d2025 |
||
| 215 |
^a254, [2] с. ^cил. ^d22 см |
||
| 225 | 1 | ^aСерия "Чтение — лучшее учение" | |
| 333 | ^a0+ | ||
| 345 | ^915 000 экз. (дополнительный тираж) | ||
| 517 | 1 | ^aБелый Бим Чёрное Ухо | |
| 606 | 0 |
^aХУДОЖЕСТВЕННАЯ ЛИТЕРАТУРА ^3BY-NLB-ar37179 ^2DVNLB |
|
| 606 | 0 |
^aРУССКАЯ ЛИТЕРАТУРА ^3BY-NLB-ar28702 ^2DVNLB |
|
| 608 |
^aДЕТСКАЯ И ЮНОШЕСКАЯ ЛИТЕРАТУРА (художеств. произведение) ^3BY-NLB-ar9019 ^2BYGNR |
||
| 608 |
^aПОВЕСТЬ ^3BY-NLB-ar23936 ^2BYGNR |
||
| 686 |
^a84(2=411.2)6 ^2rubbk |
||
| 690 |
^a1 ^9BY-MI0013 ^2Base ^xRSEK |
||
| 700 | 1 |
^aТроепольский ^bГ. Н. ^gГавриил Николаевич ^cписатель ^f1905—1995 ^3BY-NLB-ar2488080 |
|
| 702 | 1 |
^aЖелудков ^bМ. ^gМихаил ^4040 |
|
| 702 | 1 |
^aГладкова ^bН. Г. ^4080 |
|
| 801 | 0 |
^aBY ^bBY-MI0013 ^c20251031 ^gRCR |
|
| 035 | ^a(BY-MI0013)BY-MI0013-br4502720 | ||
| 899 | 0 |
^aBY-MI0013 ^iТ70 ^h84(2=411.2)6 |
|